|
|
|
|
| LEADER |
00896naa a2200217 i 4500 |
| 001 |
acta58828 |
| 005 |
20260224081030.0 |
| 008 |
190625s2013 hu o 100 hun d |
| 020 |
|
|
|a 978-963-306-189-3
|
| 040 |
|
|
|a SZTE Egyetemi Kiadványok Repozitórium
|b hun
|
| 041 |
|
|
|a hun
|
| 100 |
1 |
|
|a Nagy T. István
|
| 245 |
1 |
0 |
|a Félig kompozicionális szerkezetek automatikus felismerése doménadaptációs technikák segítségével a Szeged Korpuszon
|h [elektronikus dokumentum] /
|c Nagy T. István
|
| 260 |
|
|
|c 2013
|
| 300 |
|
|
|a 47-58
|
| 490 |
0 |
|
|a Magyar Számítógépes Nyelvészeti Konferencia
|v 9
|
| 695 |
|
|
|a Nyelvészet - számítógép alkalmazása
|
| 700 |
0 |
1 |
|a Vincze Veronika
|e aut
|
| 700 |
0 |
1 |
|a Zsibrita János
|e aut
|
| 710 |
|
|
|a Magyar Számítógépes Nyelvészeti Konferencia (9.) (2013) (Szeged)
|
| 856 |
4 |
0 |
|u http://acta.bibl.u-szeged.hu/58828/1/msznykonf_009_047-058.pdf
|z Dokumentum-elérés
|